000 00417nam a2200157Ia 4500
008 240729s9999 xx 000 0 und d
022 _a2313-4321
245 0 _aRecycling
260 _aSwitzerland
260 _bMDPI AG
650 _a Environmental sciences
650 _aGeography. Anthropology. Recreation
856 _uhttps://doaj.org/toc/cbd786cfcbaf49efbcab9e35e552b996
942 _2ddc
942 _cDOAJEJ
999 _c74043
_d74043
945 _a1
_bMadushi Gamage
_c1
_dMadushi Gamage